Einstein (Registro nro. 1180)
[ vista simple ]
| 000 -LEADER | |
|---|---|
| fixed length control field | 00848nas a22001817a 4500 |
| 008 - CAMPO DE CONTROL RECURSOS CONTINUADOS | |
| fixed length control field | 130226t20049999bl ||||| |||| 00| 0 por d |
| 022 ## - INTERNATIONAL STANDARD SERIAL NUMBER | |
| International Standard Serial Number | 1679-4508 |
| 245 ## - TITULO | |
| Titulo | Einstein |
| 260 ## - PUBLICACION, DISTRIBUCION, ETC. (PIE DE IMPRENTA) | |
| Lugar de publicación, distribución, etc | Sâo Paulo: |
| Nombre de la editorial, distribuidor, etc. | Instituto Israelita de Ensino e Pesquisa Albert Einstein, |
| Fecha de publicación | 2004 |
| 300 ## - DESCRIPCION FISICA | |
| Extensión | v. : |
| 310 ## - FRECUENCIA ACTUAL DE LA PUBLICACION | |
| Frecuencia actual de la publicación | cuatrimestral |
| 546 ## - NOTA DE IDIOMA | |
| Nota de lenguaje | portugués |
| 590 ## - NOTAS LOCALES (RLIN) | |
| Nota local | Indizada en: Scielo Brazil<br/>Año 2004 al 2010 BAJA EN DEPOSITO |
| 590 ## - NOTAS LOCALES (RLIN) | |
| Nota local | Existencias: 2004 2(1,2,4); 2005 3(1-4, supl); 2006 4(3,4, supl); 2007 2(5); 2008 6(1,2,4, supl); 2009 7(1-4); 2010 8(1,4,supl); 2011 9(2); 2012 10(1-4); 2013 11(1-4, supl); 2014 12(1,2,4); 2015 13(1,3); 2016 14(1,3,4); 2017 15(2)<br/>Año 2004 al 2010 BAJA EN DEPOSITO |
| 650 ## - MATERIA-TERMINO TEMATICO | |
| Término temático | MEDICINA INTERNA |
| 9 (RLIN) | 1738 |
| 856 ## - LOCALIZACION ELECTRONICA Y ACCESO | |
| Identificador Uniforme de Recurso (URI) | <a href="http://www.scielo.br/scielo.php?script=sci_serial&pid=1679-4508&lng=en&nrm=iso">http://www.scielo.br/scielo.php?script=sci_serial&pid=1679-4508&lng=en&nrm=iso</a> |
| 942 ## - ADDED ENTRY ELEMENTS (KOHA) | |
| Source of classification or shelving scheme | Dewey Decimal Classification |
| Item type | Continuing Resources |
No hay ítems disponibles.